Normal view
MARC view
- Jordan. National Planning Council
Entry Personal Name
001 - CONTROL NUMBER
- control field: 2864
003 - CONTROL NUMBER IDENTIFIER
- control field: JO-AjAnu
005 - DATE AND TIME OF LATEST TRANSACTION
- control field: 20230606070755.0
008 - FIXED-LENGTH DATA ELEMENTS
- fixed length control field: 230606|| aca||aabn | a|a d
040 ## - CATALOGING SOURCE
- Original cataloging agency: JO-AjAnu
- Transcribing agency: JO-AjAnu
100 ## - HEADING--PERSONAL NAME
- Personal name: Jordan. National Planning Council
670 ## - SOURCE DATA FOUND
- Source citation: Work cat.: (JO-AjAnu)1500: Jordan. National Planning Council , author, Five Year Plan for Economic and Social Development 1981-1985